000 00260nam a2200109Ia 4500
008 230320s9999||||xx |||||||||||||| ||spa||
082 _a868.66/G685
100 _aGomez De La Serna, Ramon
245 0 _aTotal De Greguerias
260 _bAGUILAR
942 _80
_cLIB
999 _c34871
_d34871